000 01055njm a2200313Ia 4500
001 26651
003 IT-RoPAU
005 20220918181110.0
008 131025s9999 xx 000 0 und d
040 _aIT-RoPAU
040 _cIT-RoPAU
041 _aITAL/TED
999 _c98918
_d98918
999 _bSI
100 _aBach Johann Sebastian
_916076
100 _eAutore musica
_916077
100 _gCodice autore musica SPICS: 9695
_916078
245 _aCantate sacre di J.S. Bach (Le) 22
250 _a1a ed.
260 _aROMA
260 _bSPICS RECORDS
_c1984 [1a Ed.:1984 - Ed. Lingua Orig.: 1984]
300 _aMUSICASSETTA
300 _c90 minuti (Testo: pag.)
500 _aMusica sacra. Cantata.
505 _aCantata BWV 006 Bleib Bei Uns, Denn Es Will Abend Werden - Cantata BWV 004 Christ Lag in Todesbanden
650 _aMUSICA SACRA [CASSETTE]
_eCodice MATERIA SPICS: 9951
_916079
700 _aBasso Alberto
_eInterprete
_gCodice interprete SPICS: 9484
_916080
700 _aBasso Alberto
_gCodice autore SPICS: 9484
_eAutore
_916081
942 _cMC
_2ddc